|
|
|
|
| LEADER |
00000nab#a22000007a#4500 |
| 001 |
arbauad001520 |
| 003 |
AR-BaUAD |
| 005 |
20250711110441.0 |
| 008 |
930723|||||||||###||||||b###|0###a|spa|| |
| 040 |
|
|
|a AR-BaUAD
|c AR-BaUAD
|b spa
|
| 100 |
|
|
|a Bonsiepe, Gui
|
| 245 |
|
|
|a Diseño Gráfico del Estudio Shakespear /
|c Gui Bonsiepe;
|
| 300 |
0 |
|
|b il., fot.
|
| 653 |
|
|
|a SHAKESPEAR, RONALD
|
| 653 |
|
|
|a SHAKESPEAR, RAUL
|
| 653 |
|
|
|a SEÑALIZACION
|
| 653 |
|
|
|a MARCAS
|
| 653 |
|
|
|a ESTUDIO SHAKESPEAR
|
| 653 |
|
|
|a HOSPITAL DURAND
|
| 653 |
|
|
|a PLAZA HOTEL
|
| 653 |
|
|
|a HOTEL INTERNACIONAL IGUAZU
|
| 653 |
|
|
|a EL CAFETAL S. A.
|
| 653 |
|
|
|a PICTOGRAMAS
|
| 653 |
|
|
|a PROGRAMA VISUAL
|
| 653 |
|
|
|a ISOTIPOS
|
| 653 |
|
|
|a DISEÑO GRAFICO
|
| 773 |
0 |
|
|t SUMMA
|g no. 149 [mayo 1980], p. 76-81
|
| 942 |
|
|
|c ARTI
|
| 952 |
|
|
|0 0
|1 0
|4 0
|7 0
|9 46440
|a AR-BAuAD
|b AR-BAuAD
|d 2025-07-11
|l 0
|p AAQA001520
|r 2025-07-11 11:04:41
|w 2025-07-11
|y ARTI
|
| 990 |
|
|
|a DG198
|b TD
|
| 998 |
|
|
|a AAQ
|b BIBUN76
|
| 999 |
|
|
|c 26113
|d 26113
|